000 00961nam0a2200289 4500
001 RU\NLR\ONL2\8275
005 20250613130631.0
010 _a5-7608-0508-8
_9300
035 _a(NLR Aleph) 009655864
090 _a9589856
_c9589856
100 _a20080116d2006 |||y0rusy50 ca
101 0 _aady
102 _aRU
105 _ac |||||||||
200 1 _aБзылъыфыгъэгур
_eусэхэр, поэмэр
_fНэхэе Сим
210 _aМыекъуапэ
_cАдыгэ Респ. итхылъ тедзапI
_d2006
215 _a63 с.
_cпортр.
_d17
541 1 _6z01790
_aЖенское сердце
_eстихотворения и поэма
_zrus
686 1 _aШ6(2=Адыг)7-5
700 1 _aНэхэе
_bС.
_gСим
_4070
790 1 _6z01541
_aНехай
_bС. Р.
_gСима Рашидовна
_4070
801 0 _aRU
_bNLR
_c20080116
_gPSBO
852 _aNLR
_bОНЛ
_jАдыг./2-1018
942 _cBOOK
980 _aNB
980 _aONL_RF